01466nam a2200481 a 450000500170000000800410001702000180005804100080007624500440008425000410012826000560016930000190022550001080024465300290035265300150038165300210039665300260041765300130044365300300045665300210048665300190050765300110052665300200053765300250055765300200058265300200060265300250062265300600064765300090070765300220071665300250073865300210076365300220078465300200080665300250082665300080085165300110085970000180087070000230088870000270091170000260093870000200096420240506103838.0100302t2014 mx al. f |||| 001 0 spa d a9786079356231 aspa aGeneser. bHistología /cFinn Geneser a4a ed.bTraducción Karen Mikkelsen aMéxico: bEditorial Médica Panamericana;c2014. a768 p.c28 cm. aGeneser, F. et al. (2014). Geneser. Histología. (4a ed.). México : Editorial Médica Panamericana. aMétodos histológicos aCitoplasma aNúcleo celular 3aDe células a tejido aEpitelio aGlándulas y secreción aTejido conectivo aTejido adiposo aSangre aMédula ósea aTejido esquelético aTejido muscular aTejido nervioso aSistema circulatorio aSistema inmunológico; y tejidos y órganos linfoides aPiel aSistema digestivo aSistema respiratorio aSistema urinario aSistema endocrino aSistema genital aGlándulas mamarias aOjo aOído1 aGeneser, Finn1 aBrüel, Annemarie1 aChristensen, Erik Ilso1 aTranum-Jensem, Jorgen1 aQvortrup, Klaus